| 000 -LEADER |
| fixed length control field |
00407nam a22001457a 4500 |
| 005 - DATE AND TIME OF LATEST TRANSACTION |
| control field |
20201209135749.0 |
| 008 - FIXED-LENGTH DATA ELEMENTS--GENERAL INFORMATION |
| fixed length control field |
201209s2009 enk||||| |||| 00| 0 eng d |
| 040 ## - CATALOGING SOURCE |
| Transcribing agency |
612 j-93 |
| 041 ## - LANGUAGE CODE |
| Language code of text/sound track or separate title |
eng |
| 245 ## - TITLE STATEMENT |
| Title |
Junior Animated Atlas of Human Anatomy and Physiology / |
| Remainder of title |
2009. |
| 260 ## - PUBLICATION, DISTRIBUTION, ETC. |
| Place of publication, distribution, etc. |
Singapore : |
| Name of publisher, distributor, etc. |
Focus Medica Pte Ltd, |
| Date of publication, distribution, etc. |
2009. |
| 653 ## - INDEX TERM--UNCONTROLLED |
| Uncontrolled term |
მედიცინა |
| 653 ## - INDEX TERM--UNCONTROLLED |
| Uncontrolled term |
CD-ROM |
| 942 ## - ADDED ENTRY ELEMENTS (KOHA) |
| Source of classification or shelving scheme |
|
| Koha item type |
კომპიუტერის ფაილები |